Finančný lízing a poistenie

Dokončenie článku z HN č. 8/03 o finančnom lízingu a poistení. Problémy s účtovaním poistenia predmetu lízingu. Finančný lízing - analýza trojvzťahu: dodávateľ, záujemca a kupujúci. Operatívny lízing.

Uložené v:
Podrobná bibliografia
Hlavný autor: Salanciová, Darina
Médium: Kapitola
Jazyk:Slovak
Predmet:
Tagy: Pridať tag
Žiadne tagy, Buďte prvý, kto otaguje tento záznam!

MARC

LEADER 00000naa a2200000 4500
001 r047599
005 20230925123155.7
041 0 |a slo 
044 |a SK 
245 1 0 |a Finančný lízing a poistenie  |c Darina Salanciová 
520 |a Dokončenie článku z HN č. 8/03 o finančnom lízingu a poistení. Problémy s účtovaním poistenia predmetu lízingu. Finančný lízing - analýza trojvzťahu: dodávateľ, záujemca a kupujúci. Operatívny lízing. 
610 2 0 |a lízing finančný 
610 2 0 |a lízing operatívny 
610 2 0 |a poistenie 
610 2 0 |a poistenie majetku 
610 2 0 |a spoločnosti lízingové 
610 2 0 |a nájomcovia 
610 2 0 |a úpravy právne 
100 1 |a Salanciová, Darina